| 000 | 004600000a22001690004500 | ||
|---|---|---|---|
| 003 | MACL | ||
| 005 | 20160102172554.0 | ||
| 008 | 160102b xxu||||| |||| 00| 0 eng d | ||
| 040 |
_aMACL _cMACL |
||
| 041 | _aEnglish | ||
| 082 | _a810/HOL | ||
| 100 |
_aHolmes, Oliver Wendell _927457 |
||
| 245 | _aThe Professor at The Breakfast Table | ||
| 260 |
_bOxford University Press _c1894 _aNew York |
||
| 650 |
_aAmerican Literature _927458 |
||
| 942 |
_cBK _k810/HOL _2ddc |
||
| 999 |
_c39437 _d39437 |
||